An introduction to astrobiology (Record no. 15701)

MARC details
000 -LEADER
fixed length control field 00538nam a2200169Ia 4500
003 - CONTROL NUMBER IDENTIFIER
control field IN-BaIIA
008 - FIXED-LENGTH DATA ELEMENTS--GENERAL INFORMATION
fixed length control field 211028s9999 xx 000 0 eng d
020 ## - INTERNATIONAL STANDARD BOOK NUMBER
International Standard Book Number 0-521-54621-4
040 ## - CATALOGING SOURCE
Transcribing agency IIA Library
080 ## - UNIVERSAL DECIMAL CLASSIFICATION NUMBER
Universal Decimal Classification number 523.07
Item number INT
245 #3 - TITLE STATEMENT
Title An introduction to astrobiology
Statement of responsibility, etc. edited by Iain Gilmour and Mark A. Sephton
260 ## - PUBLICATION, DISTRIBUTION, ETC.
Place of publication, distribution, etc. Cambridge
Name of publisher, distributor, etc. Cambridge University Press
Date of publication, distribution, etc. 2003
300 ## - PHYSICAL DESCRIPTION
Extent vi, 358p.
650 ## - SUBJECT ADDED ENTRY--TOPICAL TERM
Topical term or geographic name entry element Astrobiology
9 (RLIN) 25948
700 ## - ADDED ENTRY--PERSONAL NAME
Personal name Sephton, Mark A., ed.
9 (RLIN) 28931
942 ## - ADDED ENTRY ELEMENTS (KOHA)
Koha item type Books
Holdings
Withdrawn status Lost status Damaged status Not for loan Home library Current library Shelving location Date acquired Source of acquisition Cost, normal purchase price Total Checkouts Full call number Barcode Date last seen Cost, replacement price Price effective from Koha item type Purchase Price
        IIA Library-Bangalore IIA Library-Bangalore General Stacks 24/07/2004 ANJ 2592.20   523.07/ INT 16623 05/11/2021 2592.20 24/07/2004 Books Rs. 2592.20

Powered by Koha